00462nam a2200169Ia 4500003000400000008004100004040001600045082001700061100002300078245004900101260004900150650002300199650001500222650002000237650001200257650002300269GCL140319s9999 xx 000 0 eng d aGCL / cGCL04aCHb823bM M1 aMC CLANAHAN, FRANK10aMY BOOK OF PRINCESSES / cMC CLANAHAN, FRANK a[S.N] : bMC CLANAHAN BOOK COMPANY ، c199604aENGLISH LITERATURE04aLITERATURE04aENGLISH FICTION04aFICTION04aCHILDREN - FICTION